02211nam a2200385 a 4500001001200000003000800012006001900020007001500039008004100054010001700095020003900112020002700151040002100178035002100199043001200220050002200232082001700254245015400271250001500425260004900440300001400489504005100503505069300554533015201247650007201399650005801471650002901529650002901558655002901587700002401616700002301640710001701663856012601680999001901806ebr10460267CaPaEBRm u cr cn|||||||||100921s2011 nyu sb 001 0 eng d z 2010039556 z9780823233496 (cloth : alk. paper) z9780823233519 (e-book) aCaPaEBRcCaPaEBR a(OCoLC)715921642 ae-uk-en14aPR421b.G6 2011eb04a820.9/3422200aGo figureh[electronic resource] :benergies, forms, and institutions in the early modern world /cedited by Judith H. Anderson and Joan Pong Linton. a[1st ed.]. aNew York :bFordham University Press,c2011. av, 215 p. aIncludes bibliographical references and index.0 aSpenser's giant and the new science / Mary Thomas Crane -- The sacramental neuter and the missing body in Robert Southwell's poetics / Lowell Gallagher -- Reconfiguring Figuring: John Donne as Narrative Poet / Heather Dubrow -- The Narrative Turn against Metaphor: Metonymy, Identification, and Roger Boyle's Parthenissa / Amelia Zurcher -- Caterpillage : Death and Truthiness in Seventeenth-Century Dutch Still Life Painting / Harry Berger, Jr. -- Figuring belief : George Herbert's devotional creatures / David Glimp -- Entertaining Friends : Falstaff's Parasitology / Donald Hedrick -- Skin Merchants : Jack Cade's Futures and the Figural Politics of Henry VI, Part II / Julian Yates. aElectronic reproduction.bPalo Alto, Calif. :cebrary,d2011.nAvailable via World Wide Web.nAccess may be limited to ebrary affiliated libraries. 0aEnglish literatureyEarly modern, 1500-1700xHistory and criticism. 0aEnglish languageyEarly modern, 1500-1700xSemantics. 0aSymbolism in literature. 0aSemiotics in literature. 7aElectronic books.2local1 aAnderson, Judith H.1 aLinton, Joan Pong.2 aebrary, Inc.40uhttp://site.ebrary.com/lib/rucke/Doc?id=10460267zAn electronic book accessible through the World Wide Web; click to view c228977d228977